| 000 | 00562nam a22002177a 4500 | ||
|---|---|---|---|
| 003 | LK-CoDNM | ||
| 005 | 20250124110645.0 | ||
| 008 | 250124b |||||||| |||| 00| 0 eng d | ||
| 040 |
_aLK-CoDNM _dLK-CoDNM _eLK-CoDNM |
||
| 041 | _aeng | ||
| 080 |
_a13 _bF3 |
||
| 100 | _aHuxley Julian | ||
| 245 | _aEssays Of A Biologist | ||
| 260 |
_aLondon _bChatto And Windus _c1923 |
||
| 300 | _axiv, 306p. : ; 19 cm | ||
| 650 | _aBiology and sociology | ||
| 650 | _aSex Biology | ||
| 650 | _aRationalism and Idea of god | ||
| 650 | _aBirds Mind | ||
| 942 | _cBK | ||
| 999 |
_c237380 _d237380 |
||